Effect of harvesting time on shattering, yield and oil content of rapeseed and mustard / (Record no. 9099)

MARC details
000 -LEADER
fixed length control field 01064nam a22002657a 4500
001 - CONTROL NUMBER
control field BD-DhSAU 9099
003 - CONTROL NUMBER IDENTIFIER
control field BD-DhSAU
005 - DATE AND TIME OF LATEST TRANSACTION
control field 20161024122721.0
008 - FIXED-LENGTH DATA ELEMENTS--GENERAL INFORMATION
fixed length control field 150613b2005 bg a|||| m||| 00| 0 eng d
040 ## - CATALOGING SOURCE
Original cataloging agency BD-DhSAU
082 ## - DEWEY DECIMAL CLASSIFICATION NUMBER
Edition number 22
Classification number 630
Item number Ak47
100 ## - MAIN ENTRY--PERSONAL NAME
Personal name Akhter, Shikder Md. Mohimen
Relator term Registration # 21726/00084
245 ## - TITLE STATEMENT
Title Effect of harvesting time on shattering, yield and oil content of rapeseed and mustard /
Remainder of title MS thesis
Statement of responsibility, etc. Shikder Md. Mohimen Akhter
260 ## - PUBLICATION, DISTRIBUTION, ETC. (IMPRINT)
Place of publication, distribution, etc. Sher-e-Bangla Agricultural University :
Name of publisher, distributor, etc. Department of Agronomy,
Date of publication, distribution, etc. 2005.
300 ## - PHYSICAL DESCRIPTION
Extent xii, 81 p. :
Other physical details ill. ;
Dimensions 30 cm.
500 ## - GENERAL NOTE
General note MS thesis of Department of Agronomy, Faculty of Agriculture, Sher-e-Bangla Agricultural University, Dhaka, Bangladesh
504 ## - BIBLIOGRAPHY, ETC. NOTE
Bibliography, etc Includes bibliographical reference.
590 ## - Name of Cataloguer
Name of Cataloger Jerin
650 ## - SUBJECT ADDED ENTRY--TOPICAL TERM
Topical term or geographic name as entry element Agronomy
650 ## - SUBJECT ADDED ENTRY--TOPICAL TERM
Topical term or geographic name as entry element mustard
700 ## - ADDED ENTRY--PERSONAL NAME
Personal name Biswas, Parimal Kanti
Relator term Superviser
700 ## - ADDED ENTRY--PERSONAL NAME
Personal name Ali, Md. Hazrat
Relator term Co-superviser
856 ## - ELECTRONIC LOCATION AND ACCESS
Uniform Resource Identifier <a href="http://archive.saulibrary.edu.bd:8080/handle/123456789/36">http://archive.saulibrary.edu.bd:8080/handle/123456789/36</a>
942 ## - ADDED ENTRY ELEMENTS (KOHA)
Source of classification or shelving scheme Dewey Decimal Classification
Koha item type MS Level Thesis
Holdings
Withdrawn status Lost status Source of classification or shelving scheme Damaged status Not for loan Collection code Home library Branch Name Shelving location Date acquired Total Checkouts Full call number Barcode Date last seen Price effective from Koha item type
    Dewey Decimal Classification   Not For Loan Reference SAU Library SAU Library Reference 31/10/2013   630 Ak47 37032 18/06/2015 18/06/2015 MS Level Thesis